000 02826nam a22006257i 4500
999 _c171412
_d171412
001 20644149
003 PPAK
005 20190323182152.0
008 180824s2018 nyuab j 001 0 eng d
010 _a 2018302764
020 _a9781465468918
_cRM91.53
_qhardcover
020 _a1465468919
_q(hardcover)
020 _a9780241317624
_cRM91.53
_qhardcover
020 _a0241317622
_q(hardcover)
035 _a(OCoLC)ocn990286846
040 _aBTCTA
_beng
_cBTCTA
_erda
_dYDX
_dBDX
_dCHILD
_dAUIRC
_dGK8
_dZQP
_dFFL
_dZJI
_dUAP
_dEHH
_dQQ3
_dNYP
_dT3B
_dOCLCF
_dTXHEN
_dOCLCO
_dOCL
_dIGA
_dDLC
_dPPAK
042 _alccopycat
050 0 0 _aQE29
_b.W468 2018
082 0 4 _a001.9
_223
090 0 0 _a001.9
_bWHA
_dRK
245 0 0 _aWHAT'S WEIRD ON EARTH
246 3 _aWhat is weird on Earth.
250 _aFirst American edition.
264 1 _aNew York, NY :
_bDK Publishing,
_c2018.
300 _a160 pages :
_bcolor illustrations, color maps ;
_c31 cm.
336 _atext
_btxt
_2rdacontent
336 _astill image
_bsti
_2rdacontent
336 _acartographic image
_bcri
_2rdacontent
337 _aunmediated
_bn
_2rdamedia
338 _avolume
_bnc
_2rdacarrier
500 _aIncludes index.
500 _a"Our strange and wonderful world as you've never seen it before"--Cover.
505 0 _aNature -- Supernatural -- Places -- People -- History -- Fun facts (by continent).
520 _aWeird and wonderful facts about our extraordinary world--like all the wind patterns on the planet or each country's national dish or the most bizarre rock formations on each continent--are shown visually on world maps, making them easier to understand and amazing to behold.--
_cSource other than Library of Congress.
650 0 _aCuriosities and wonders
_vJuvenile literature.
650 0 _aEarth sciences
_xMiscellanea
_vJuvenile literature.
650 0 _aZoology
_xMiscellanea
_vJuvenile literature.
650 0 _aIllustrated children's books.
650 1 _aEarth sciences
_vMiscellanea.
650 4 _aCuriosities and wonders.
650 4 _aZoology.
650 4 _aEarth sciences.
650 7 _aJUVENILE NONFICTION / Science & Nature / Earth Sciences / Geography.
_2bisacsh
650 7 _aCuriosities and wonders.
_2fast
_0(OCoLC)fst00885285
650 7 _aIllustrated children's books.
_2fast
_0(OCoLC)fst00967392
650 7 _aZoology
_xMiscellanea.
_2fast
_0(OCoLC)fst01184714
651 1 _aEarth (Planet)
_vMiscellanea.
655 7 _aChildren's maps.
_2fast
_0(OCoLC)fst01774241
655 7 _aJuvenile works.
_2fast
_0(OCoLC)fst01411637
655 7 _aChildren's maps.
_2lcgft
710 2 _aDK Publishing, Inc.
906 _a7
_bcbc
_ccopycat
_d2
_encip
_f20
_gy-gencatlg
942 _2ddc
_cB